000 00455nam a2200181Ia 4500
001 2095
005 20260306143817.0
008 260306t2013||||xx |||||||||||||| ||spa||
041 _aESP
082 _a612.8
_bJ92
100 _aJurado Luque, M. Ángeles
_eAUT
245 0 _aNeuropsicología de las enfermedades neurodegenerativas
260 _c2013
300 _a237 páginas :
_c23 cm.
650 _aGEN
654 _aCPS
942 _cLIB
_dJUS
_fJUS
_2ddc
_n
999 _c2095
_d2095